Statistics for Exits of the London M25 Motorway (map)

Click here to take the quiz!

General Stats

  • This quiz has been taken 358 times
    (34 since last reset)
  • The average score is 27 of 51

Answers on the Map

Answers color-coded by a green-red scale on the quiz's map according to % correct below.
Loading ...
J31J30J29J28J27J26J25J24J23J22J21AJ21J20J19J18J17J16J15J14J13J12J11J10J9J8J7J6J5J4J3J2J1BJ1AServicesServicesServicesServices
 

Answer Stats

JunctionRoadDestination% Correct
21AA405(M1 South), {St. Albans}, London (NW & C), {Watford}
97%
15M4The West, {Reading}, {Slough}, London (W & C), {Heathrow (T1, 2 & 3)}
97%
7M23 (S){Brighton}, {Crawley}, {Gatwick}
93%
27M11London (N & E), {Cambridge}, {Stansted}, {Harlow}
90%
2A2 (E){Canterbury} (M2), {Dartford} (A225)
90%
20A41{Aylesbury}, {Hemel Hempstead}, {Watford}
90%
5M26, (M20){Dover}, {Channel Tunnel}, {Maidstone}
86%
14A3113{Heathrow (T4, 5 & Cargo)}
86%
3M20{Dover}, {Channel Tunnel}, {Maidstone}
86%
28A12London (E & C), {Chelmsford}, {Romford}
83%
19A41{Watford}
83%
22A1081{St. Albans}
79%
1BA225{Dartford}
79%
16M40 (W){Birmingham}, {Oxford}
76%
10A3London (SW & C), {Portsmouth}, {Guildford}, {Kingston}
76%
12M3The South West, {Basingstoke}, {Southampton}, London, {Richmond}
69%
21M1The North, {Luton}
69%
29A127London (E & C), {Romford}, {Southend}, {Basildon}
69%
25A10London (N & C), {Enfield}, {Hertford}
62%
7M23 (N){Croydon}
62%
30A13London (E & C), {Tilbury}, {Thurrock (Lakeside)}
59%
13A30London (W), {Hounslow}, {Staines}
55%
31A1306{Thurrock (Lakeside)}
55%
8A217{Reigate}, {Sutton}, {Redhill} (A25), {Kingston} (A240)
52%
11A320{Woking}
45%
31(A126){W. Thurrock}
45%
28A1023{Brentwood}
45%
18A404{Amersham}, {Chorleywood}, {Rickmansworth}
45%
5(A21){Hastings}, {Sevenoaks}
45%
23Services{South Mimms Services}
41%
30/31Services{Thurrock Services}
41%
16M40 (E){Uxbridge}, London (W)
41%
26A121{Waltham Abbey}, {Loughton}
41%
23A1, A1(M)London (N & C), {Hatfield}
41%
24A111{Potters Bar}
41%
17A412{Rickmansworth}, {Maple Cross}
38%
6A22{Eastbourne}, {Godstone}, {Caterham}
38%
4A224{Orpington}
34%
1AA206{Swanscombe}, {Erith}, {Bluewater}
34%
-Services{Cobham Services}
34%
9A243{Leatherhead}
31%
4A21London (SE), {Bromley}
31%
6(A25){Redhill}, {Westerham}
28%
23A1081{Barnet}
28%
11A317{Chertsey}
24%
9(A24){Dorking}
24%
-Services{Clacket Lane Services}
21%
3A206London (SE), {Swanley}
17%
3A20London (SE & C), {Lewisham}
17%
2A2 (W)London (SE & C), {Bexleyheath}
17%
31(A1090){Purfleet}
14%

Score Distribution

Percentile by Number Answered

Percent of People with Each Score

Your Score History

You have not taken this quiz since the last reset